| 000 -LEADER |
| fixed length control field |
00484cam a2200181 4500 |
| 005 - DATE AND TIME OF LATEST TRANSACTION |
| control field |
20131010044834.0 |
| 008 - FIXED-LENGTH DATA ELEMENTS--GENERAL INFORMATION |
| fixed length control field |
691009s1969 nyu b 000 0 eng |
| 080 ## - UNIVERSAL DECIMAL CLASSIFICATION NUMBER |
| Universal Decimal Classification number |
159.9 |
| 100 1# - Rafti |
| Rafti |
May, Rollo. |
| 245 10 - TITLE STATEMENT |
| Title |
Love and will. |
| Statement of responsibility, etc |
Rollo May |
| 260 ## - |
| -- |
New York, |
| -- |
Norton |
| -- |
[1969] |
| 300 ## - |
| -- |
352 f.: |
| -- |
22 cm. |
| 504 ## - BIBLIOGRAPHY, ETC. NOTE |
| Bibliography, etc |
Bibliographical references included in "Notes" (p. [326]-343) |
| 650 #0 - |
| -- |
Seksi (Psikologji) |
| 650 #0 - |
| -- |
Dashuria |
| 650 #0 - |
| -- |
Dëshira |
| 942 ## - ADDED ENTRY ELEMENTS (KOHA) |
| Source of classification or shelving scheme |
|
| Item type |
Books |